书目信息 |
| 题名: |
中国企业规范化管理新论
|
|
| 作者: | 马守春 主编 | |
| 分册: | ||
| 出版信息: | 北京 印刷工业出版社 1994 |
|
| 页数: | 157页 | |
| 开本: | 19cm | |
| 丛书名: | ||
| 单 册: | ||
| 中图分类: | F279.23-53 , F279 | |
| 科图分类: | ||
| 主题词: | 企业管理,规范化--中国--文集 | |
| 电子资源: | ||
| ISBN: | 7-80000-144-X | |
| 000 | 00897nam0 2200241 45 | |
| 001 | 0195012914 | |
| 005 | 20060816164539.68 | |
| 010 | @a7-80000-144-X@dCNY7.00 | |
| 100 | @a19950418d1994 kemy0chiy0121 ea | |
| 101 | 0 | @achi |
| 102 | @aCN@b110000 | |
| 105 | @ay z 000yy | |
| 200 | 10 | @a中国企业规范化管理新论@AZHONG GUO QI YE GUI FAN HUA GUAN LI XIN LUN@e中国现代化企业经营管理学@EZHONG GUO XIAN DAI HUA QI YE JING YING GUAN LI XUE@f马守春主编@FMA SHOU CHUN ZHU BIAN |
| 210 | @a北京@c印刷工业出版社@d1994 | |
| 215 | @a157页@d19cm | |
| 330 | @a本书根据我国改革开放,转换企业经营机制,建立社会主义市场经济的形势,精选有关专家和先进企业领导者的规范管理论文17篇。 | |
| 540 | 1 | @a企业 管理@AQI YE GUAN LI |
| 606 | @a企业管理,规范化@y中国@x文集 | |
| 690 | @aF279.23-53@v三版 | |
| 690 | @aF279@v3 | |
| 701 | 0 | @a马守春@AMA SHOU CHUN@4主编 |
| 801 | 0 | @aCN@bTSSF@c20060816 |
| 905 | @a10447@dF279@e276 | |
| 中国企业规范化管理新论:中国现代化企业经营管理学/马守春主编.-北京:印刷工业出版社,1994 |
| 157页;19cm |
| ISBN 7-80000-144-X:CNY7.00 |
| 本书根据我国改革开放,转换企业经营机制,建立社会主义市场经济的形势,精选有关专家和先进企业领导者的规范管理论文17篇。 |
| ● |
| 相关链接 |
|
|
|
|
正题名:中国企业规范化管理新论
索取号:F279/276
 
预约/预借
| 序号 | 登录号 | 条形码 | 馆藏地/架位号 | 状态 | 备注 |
| 1 | 0465058 | 204650582 | 密集书库/ [索取号:F279/276] | 在馆 |